Postavenie ekonomiky Francúzska v rámci Európskej únie bakalárska práca

Enregistré dans:
Détails bibliographiques
Auteur principal: Mikuláková, Petra
Collectivité auteur: Fakulta medzinárodných vzťahov EU. Katedra medzinárodných ekonomických vzťahov a hospodárskej diplomacie
Autres auteurs: Karas, Martin, 1991-
Format: Livre
Langue:slovaque
Publié: Bratislava 2018
Tags: Ajouter un tag
Pas de tags, Soyez le premier à ajouter un tag!

MARC

LEADER 00000nbm a2200000 4500
001 0244517
005 20180810103318.8
041 0 |a slo 
044 |a SK 
245 1 0 |a Postavenie ekonomiky Francúzska v rámci Európskej únie  |b bakalárska práca  |c Petra Mikuláková ; školiteľ: Martin Karas 
264 1 |a Bratislava  |c 2018 
300 |a 51 s. 
100 1 |a Mikuláková, Petra 
700 1 |a Karas, Martin, 1991- 
710 2 |a Fakulta medzinárodných vzťahov EU. Katedra medzinárodných ekonomických vzťahov a hospodárskej diplomacie